| 000 | 00613nam a22001937a 4500 | ||
|---|---|---|---|
| 999 |
_c13954 _d13954 |
||
| 003 | AR-CdUCM | ||
| 008 | 190417b ||||| |||| 00| 0 spa d | ||
| 040 |
_aMUNICIPALIDAD PROVINCIAL DEL CUSCO _cBIBLIOTECA MUNICIPAL DEL CUSCO |
||
| 082 |
_aPI / 803 / _bP86 |
||
| 110 |
_aTormont, internacional limited _932592 |
||
| 245 | _aEl príncipe rana / | ||
| 260 |
_aChina : _bTormont, _c195. |
||
| 300 |
_a29 páginas ; _c16 cm. |
||
| 440 |
_aEl pequeño baúl de los cuentos de Grima. _932593 |
||
| 505 | _aContenido :El príncipe rana. | ||
| 650 |
_aCuentos _9217 |
||
| 942 |
_2ddc _cLIBROS |
||
| 945 |
_arum _d2019-04-17 |
||